[Event "Capablanca Memorial Elite 33rd"]
[Site "Havana"]
[Date "1998.05.16"]
[Round "7"]
[White "Arencibia Rodriguez, Walter"]
[Black "Miles, Anthony John"]
[Result "1-0"]
[WhiteElo "2535"]
[BlackElo "2595"]
[Annotator "Huebner,R"]
[PlyCount "77"]
[EventDate "1998.05.07"]
[EventType "tourn"]
[EventRounds "11"]
[EventCountry "CUB"]
[EventCategory "12"]
[SourceTitle "CBM 065"]
[Source "ChessBase"]
[SourceDate "1998.08.06"]
[SourceVersion "1"]
[SourceVersionDate "1998.08.06"]
[SourceQuality "1"]

1. d4 {Baburin} d5 2. c4 c6 3. Nf3 Nf6 4. e3 Bf5 5. cxd5 cxd5 6. Nc3 e6 7. Ne5
Nfd7 8. Qb3 Qc7 9. Nxd7 Nxd7 (9... Qxd7 10. Bd2 Bd6 11. Bb5 Nc6 12. Na4 O-O 13.
Rc1 Rac8 14. O-O $14 {0-1 Burmakin,V-Galliamova Ivanchuk,A/Novgorod op 1995 
(45)}) 10. Bd2 a6 11. a4 Rc8 12. a5 Bd6 13. Be2 O-O 14. g4 {Baburin: This is
an interesting attempt to create a kingside attack, as in order to preserve
this bishop, Black will have to weaken his kingside.} Bg6 15. h4 h6 {Schwarz
schwächt seinen Königsflügel unnötig. Besser war} (15... f6 {Meines Erachtens
hat Schwarz nun einigen Vorteil. Es ist für Weiß sehr riskant, auf
Bauerngewinn zu spielen, weil sein König nach Öffnung des Zentrums nackt
dastehen wird:} 16. e4 (16. f4 Bf7 17. Bf3 Qc4 {führt zu angenehmem Spiel für
Schwarz.}) 16... dxe4 17. Qxe6+ Bf7 18. Qxe4 Rfe8 19. Qf3 Bb4 20. Kf1 Bc4 21.
Bf4 Bxe2+ 22. Nxe2 Qc4 {mit Vorteil für Schwarz.}) 16. g5 hxg5 (16... h5 17.
Qd1 Bb4 18. Bxh5 Bxh5 19. Qxh5 Bxa5 20. Qe2 {sieht nicht erfreulich für
Schwarz aus.}) ({Baburin: The alternative -} 16... Kh8 {- is also worth
considering.}) 17. hxg5 Rfe8 $6 (17... Nb8 {kam sehr in Betracht. Nach} 18. Na4
Bc2 19. Qa2 Qe7 {mangelt es den Figuren des Weißen an Koordination, so daß
kein Angriff auf der h-Linie zustande kommen kann. Ich sehe auch keine andere
Möglichkeit für Weiß, aus der Öffnung der h-Linie Nutzen zu ziehen.}) (17... f5
{war ebenfalls sicherer als der Textzug.}) 18. Rh4 $1 {Jetzt gibt es für
Schwarz keine befriedigende Möglichkeit mehr, den Vorstoß e3-e4 zu unterbinden.
Danach droht Weiß den Gegner mit e4-e5 entscheidend einzuschnüren; antwortet
Schwarz mit d5xe4, so droht die Dame des Weißen nach Sc3xe4 mit großer Kraft
nach h3 zu schwenken. Baburin: A fine move, which has two purposes - to
prepare the attack along the h-file and to make the break in the centre (e3-e4)
possible.} Be7 19. e4 dxe4 $2 ({Schwarz hätte unbedingt} 19... Qd8 {versuchen
sollen, zum Beispiel:} 20. Qxb7 (20. exd5 Bxg5 21. Bxg5 Qxg5 22. Rg4 Qh6 {
ist in keiner Weise attraktiv für Weiß.}) {Nach} 20... Bxg5 (20... dxe4 21.
Nxe4 Rb8 22. Qxa6 Bxe4 (22... Rxb2 23. Qd3 {ist weniger überzeugend.}) 23. Rxe4
Bxg5 {mit gefährlichem Gegenspiel für Schwarz.}) 21. Bxg5 Qxg5 22. Rg4 Qe7 {
ist die Lage auch keineswegs klar.}) 20. Nxe4 Nf8 ({Von} 20... Bf5 {hat
Schwarz keinen Nutzen; Weiß antwortet} 21. Qf3 (21. Qf3 $5 {Baburin} Nf8 22.
Nc5 {- he combines play on the kingside with pressure against the b7-pawn.}))
21. Qh3 $18 Bh7 (21... Nh7 {ist nicht wirksamer:} 22. Bd3 Bf5 (22... f5 23.
gxf6 Bf5 24. Qh1 gxf6 25. Ke2 {ist natürlich hoffnungslos für Schwarz.}) 23.
Qh1 Red8 24. Rxh7 Bxh7 25. Nf6+ Bxf6 26. Qxh7+ Kf8 27. Bb4+ $18) 22. Bd3 {
Baburin: White´s attack succeeds, as Black cannot deal with the threat of Nf6+.
It´s worth pointing out that by contrast, White´s king is perfectly safe in
the centre, as the enemy pieces cannot attack him.} f5 (22... g6 23. Ke2 {
gefolgt von Ta1-h1 ist freudlos für Schwarz.}) 23. gxf6 Bxf6 24. Nxf6+ gxf6 25.
Rc1 Qxc1+ ({Auf} 25... Qd7 {folgt} 26. Rxc8 Rxc8 27. Bxh7+ Nxh7 28. Rxh7 Qxh7
29. Qxe6+ {mit Gewinn.}) 26. Bxc1 Rxc1+ 27. Kd2 Rc7 28. Rg4+ Kh8 29. Qh6 {
White is winning.} Rf7 30. Rf4 (30. Rg6 $5) 30... Kg8 31. Rg4+ (31. Rxf6 {
war einfach genug.}) 31... Kh8 32. Rg1 $6 Rd8 33. Ke3 Rc8 34. Be2 Nd7 35. Bf3
Rc7 36. Bh5 Re7 37. Be8 e5 38. Bxd7 exd4+ 39. Kf3 1-0

[Event "Moscow Aeroflot op"]
[Site "Moscow"]
[Date "2002.02.08"]
[Round "6"]
[White "Tregubov, Pavel V"]
[Black "Volkov, Sergey"]
[Result "1-0"]
[WhiteElo "2626"]
[BlackElo "2567"]
[Annotator "Huebner,R"]
[PlyCount "93"]
[EventDate "2002.02.04"]
[EventType "swiss"]
[EventRounds "9"]
[EventCountry "RUS"]
[SourceTitle "CBM 088"]
[Source "ChessBase"]
[SourceDate "2002.03.21"]
[SourceVersion "1"]
[SourceVersionDate "2002.03.21"]
[SourceQuality "1"]

1. d4 d5 2. c4 c6 3. Nf3 Nf6 4. e3 Bf5 5. Nc3 e6 6. Nh4 Be4 7. f3 Bg6 8. Qb3
Qc7 9. Bd2 Nbd7 10. cxd5 exd5 11. O-O-O O-O-O $2 {Schwarz sollte die Deckung
des Punktes f7 nicht aufgeben.} (11... Be7 {ist besser.}) 12. e4 dxe4 13. Nxg6
hxg6 14. fxe4 {Dieser Zug ist eher geeignet, dem Weißen einen Vorteil zu
verschaffen, als das in der Vorgängerpartie gespielte} (14. Qxf7 $6 exf3 15.
gxf3 Nb6 16. Qxg6 Rxd4 17. Bd3 Kb8 18. Kb1 Nbd5 19. Nxd5 Rxd5 20. h4 $11 {
1/2-1/2 Gurevich,M-Dorfman,J/Cap d'Agde 2000/CBM 80 (43). (42)}) 14... Nb6 15.
Bg5 Re8 ({Die Fortsetzung} 15... Rh5 16. h4 Rxg5 17. hxg5 Qf4+ 18. Kb1 Nxe4 19.
Nxe4 Qxe4+ 20. Bd3 {genügt nicht zum Ausgleich für Schwarz.}) 16. Bd3 {Weiß
hat deutlichen Vorteil.} Ng4 17. Rhf1 f6 18. h3 Nf2 19. Rxf2 Qg3 20. Rc2 Qxg5+
21. Kb1 Kb8 22. d5 c5 23. a4 Rc8 {Die Lage des Schwarzen ist äußerst schwierig.
Die folgenden Varianten sollen dies verdeutlichen:} (23... Qe5 24. a5 Nc8 (
24... Nd7 25. Bb5 Rd8 (25... Qc7 26. d6 Qc8 27. Na4 {Weiß hat eine
Gewinnstellung.}) (25... Qd6 26. Bc6 Qc7 27. Nb5 Qc8 28. a6 b6 29. Qg3+ Re5 30.
Qg4 Re7 31. d6 Rf7 32. Bd5 {und Weiß gewinnt.}) 26. Bc6 Qc7 27. Nb5 Qxa5 28.
Nd6 {, und Weiß gewinnt.}) 25. Na4 Qc7 26. Qb5 Nd6 27. Qxc5 Qd8 28. a6 Nxe4 29.
Qb5 Nd6 30. Qb3 {Weiß hat entscheidenden Angriff.}) (23... Nc8 24. a5 Nd6 (
24... Bd6 25. Na4 {, und Weiß gerwinnt den c-Bauern.}) 25. Na4 c4 26. Bxc4 Rxe4
27. Nc5 Re3 28. Bd3 Be7 29. Nxb7 {, und Weiß gewinnt.}) (23... Bd6 24. a5 Nc8
25. Na4 {kostet Schwarz wieder den c-Bauern (siehe oben); dies ist jedoch
vermutlich noch die aussichtsreichste Verteidigung.}) 24. Nb5 Qg3 25. a5 Nd7
26. a6 b6 27. d6 Rh5 28. Qf7 $18 Rd8 29. Bc4 Re5 30. Be6 Rxe6 31. Qxe6 Qe5 32.
Qg4 Qh5 33. Qxh5 gxh5 34. g4 hxg4 35. hxg4 Ne5 36. g5 fxg5 37. Rd5 Nc6 38. Rxg5
Bxd6 39. Rg6 Nb4 40. Rxd6 Rxd6 41. Nxd6 Nxc2 42. Kxc2 g5 43. e5 Kc7 44. Nb5+
Kd7 45. Nxa7 g4 46. Nb5 g3 47. Nc3 1-0

[Event "Moscow Aeroflot op"]
[Site "Moscow"]
[Date "2002.02.07"]
[Round "4"]
[White "Onischuk, Alexander"]
[Black "Volkov, Sergey"]
[Result "0-1"]
[WhiteElo "2655"]
[BlackElo "2567"]
[Annotator "Huebner,R"]
[PlyCount "72"]
[EventDate "2002.02.04"]
[EventType "swiss"]
[EventRounds "9"]
[EventCountry "RUS"]
[SourceTitle "CBM 088"]
[Source "ChessBase"]
[SourceDate "2002.03.21"]
[SourceVersion "1"]
[SourceVersionDate "2002.03.21"]
[SourceQuality "1"]

1. d4 d5 2. c4 c6 3. Nf3 Nf6 4. e3 Bf5 5. Nc3 e6 6. Nh4 Be4 7. f3 Bg6 8. Qb3
Qc7 9. g3 {Mehr Aussichten auf Eröffnungsvorteil bietet der übliche Zug} (9.
Bd2) 9... Nbd7 10. cxd5 {Weiß strebt den sofortigen Aufbau eines machtvollen
Bauernzentrums an; aber seine Entwicklung läßt zu wünschen übrig.} (10. Bd2 {
ist solider; die Vorgängerpartie wirft ein scharfes Licht auf die Frage, wie
diese Stellung zu behandeln sei:} Nb6 11. Nxg6 hxg6 12. cxd5 exd5 13. O-O-O {
1/2-1/2 Malaniuk,V-Gurevich,M/Groningen 1993/CBM 39 (13).}) 10... exd5 11. e4
$6 {Dies ist sehr riskant; siehe die vorige Anmerkung.} (11. Bd2 $11) 11...
dxe4 12. Nxg6 hxg6 13. fxe4 Bd6 $1 {Schwarz verhindert Lc1-f4 und bedroht den
geschwächten Königsflügel des Weißen; der hat keine andere Wahl, als das
Figurenopfer anzunehmen. Schwarz bekommt dafür sofort zwei Bauern und
gewaltigen Entwicklungsvorsprung.} 14. e5 Nxe5 15. dxe5 Bxe5 16. Bd2 {Dies ist
die beste Verteidigung: der König des Weißen findet einen sicheren
Unterschlupf am Damenflügel. Zwar ist danach ohne weiteres klar, daß Schwarz
besser steht, aber nach} (16. Ne2 O-O-O 17. Bg2 {Es verspricht nicht mehr, das
Damenschach auf a5 zu verhindern:} (17. Qa3 Qd7 18. Be3 Qd5 19. Rg1 Ng4 {
Der Angriff des Schwarzen wird sich durchsetzen.}) (17. Qa4 Qb6 ({Auch nach} 
17... Rde8 18. Bf4 Bxf4 19. Qxf4 Qa5+ 20. Qd2 Qb6 21. O-O-O Ne4 22. Qd7+ Kb8 {
hat Weiß große Schwierigkeiten.}) 18. Bg2 Rhe8 19. Qb3 Qa5+ 20. Kf1 Bc7 21. Bf4
Bxf4 22. Nxf4 g5 23. Ne2 Rd2 24. Re1 Qa6 {Die Initiative des Schwarzen hat
entscheidende Kraft.}) 17... Qa5+ 18. Kf1 Bc7 19. Bf4 Bxf4 20. gxf4 Rhe8 21.
Re1 Rd2 {gerät Weiß unter starken Druck.}) (16. Bf4 Bxf4 17. gxf4 O-O-O {
sieht ebenfalls wenig vertrauenerweckend für Weiß aus.}) 16... Bxg3+ 17. Kd1
O-O-O 18. Kc2 Bf4 $1 {Schwarz setzt den Angriff energisch fort, ohne sich um
Material zu bekümmern.} ({Auch nach} 18... Bxh2 19. Bc4 b5 20. Be2 ({Auf} 20.
Bxf7 {folgt} Rxd2+ 21. Kxd2 Qf4+ 22. Kc2 Qf5+ 23. Ne4 {Andere Züge führen zu
sofortigem Verlust.} Qxe4+ 24. Qd3 Qg2+ 25. Qd2 Qxd2+ 26. Kxd2 g5 {In diesem
Endspiel hat Schwarz treffliche Gewinnaussichten.}) 20... Be5 21. Rxh8 (21. a4
Rxd2+ 22. Kxd2 Bxc3+ {ist fatal für Weiß.}) 21... Rxh8 22. Rd1 (22. a4 Rh2 {
ist nicht besser für Weiß.}) 22... Rh2 23. Bd3 Bf4 {Schwarz behält
Gewinnaussichten, doch ist die Sache noch keineswegs entschieden.}) 19. Bxf4
Qxf4 20. Qxf7 Rd2+ (20... Qf2+ {ergibt nur remis:} 21. Be2 (21. Kb3 Qb6+ $11 {
führt zum Dauerschach.}) 21... Qf5+ 22. Kb3 Rd2 23. Rac1 (23. Bd1 Qc5 24. Rb1
Qb6+ {ergibt ebenfalls remis.}) 23... Rxe2 24. Nxe2 Qb5+ 25. Kc2 Qf5+ $11 {
, und der König des Weißen kann den Schachs nicht entkommen.}) 21. Kb3 Qf2 22.
Rb1 Qb6+ 23. Ka3 a5 {Schwarz verzichtet zu Recht darauf, Dauerschach zu geben.
Weiß kann nur bei genauester Verteidigung die Stellung halten.} 24. b4 $2 {
Jetzt kommt der König des Weißen wieder unter Beschuß, und Schwarz kann den
Sieg erzwingen. Unerläßlich ist} (24. Qc4 {und dann:} Nd7 {Jetzt droht 25...
Td4 mit entscheidender Kraft.} ({Sofortiges} 24... Rd4 {ist nicht besser:} 25.
Na4 Qd8 26. Qe6+ Nd7 27. b3 Qf8+ 28. Kb2 {Ich sehe keinen Gewinn für Schwarz.})
25. Na4 Qf2 26. Qc3 Rh4 27. Qxa5 Rxa4+ 28. Qxa4 (28. Kxa4 Rxb2 {führt sofort
zum Verlust.}) 28... Qf3+ 29. b3 (29. Qb3 Qxh1 {läßt den Weißen in einer
desolaten Stellung.}) 29... Qf8+ 30. Qb4 (30. b4 Qf3+ 31. Qb3 Qxh1 {ergibt
eine ähnliche Stellung wie in der vorigen Klammeranmerkung.}) 30... Rxa2+ 31.
Kxa2 Qxb4 32. Bh3 {Weiß hat Überlebensaussichten.}) 24... Qe3 25. Qb3 Rh4 26.
Bc4 Qa7 (26... b5 $19 {gewinnt unmittelbar, aber der Textzug genügt auch.}) 27.
Na4 b5 28. Be6+ Kb7 29. Qc3 axb4+ 30. Rxb4 Rxb4 31. Qxb4 Rd4 (31... Qe3+ {
ist noch zwingender:} 32. Bb3 (32. Nc3 Qxe6) 32... Nd5 33. Nc5+ Kb6 34. Na4+
Kc7 35. Qa5+ Kd7 {usw.}) 32. Qe7+ Nd7 33. Bb3 bxa4 34. Bc2 Qa5 35. Rb1+ Kc7 36.
Rb4 c5 0-1

[Event "Bundesliga 0304"]
[Site "Germany"]
[Date "2004.04.25"]
[Round "15.6"]
[White "Baburin, Alexander"]
[Black "Gurevich, Mikhail"]
[Result "0-1"]
[WhiteElo "2541"]
[BlackElo "2656"]
[Annotator "Huebner,R"]
[PlyCount "52"]
[EventDate "2003.11.01"]
[EventType "team-tourn"]
[EventRounds "15"]
[EventCountry "GER"]
[SourceTitle "CBM 101"]
[Source "ChessBase"]
[SourceDate "2004.07.27"]
[SourceVersion "1"]
[SourceVersionDate "2004.07.27"]
[SourceQuality "1"]
[WhiteTeam "Bremer SG"]
[BlackTeam "Porz"]
[WhiteTeamCountry "GER"]
[BlackTeamCountry "GER"]

1. d4 {Gurevich,M} d5 2. c4 c6 3. Nf3 Nf6 4. e3 Bf5 5. Nc3 e6 6. Nh4 Bg6 7. Qb3
Qc7 8. Nxg6 (8. Bd2 {Gurevich,M} Nbd7 9. Nxg6 hxg6 10. Rc1 Nb6 11. cxd5 exd5
12. h3 Qd7 13. Bd3 Bd6 14. a4 Nc8 15. a5 a6 16. Na4 Qe7 17. O-O Na7 18. f3 Nb5
19. Nc5 O-O 20. Rfe1 Rfe8 21. Bb4 Nh5 $132 {1-0 Istratescu,A-Gurevich,M/
Antalya TUR 2004/The Week in Chess 499 (51)}) 8... hxg6 9. h3 Nbd7 10. Bd2 Nb6
(10... Be7 {Gurevich,M} 11. Be2 a6 12. a3 O-O 13. cxd5 cxd5 14. O-O Nb6 15.
Rfc1 Nc4 16. Be1 Rfc8 17. Bd3 b5 18. a4 b4 19. Ne2 a5 20. Rc2 Ra6 21. Qa2 Rc6
22. Rac1 $14 {1-0 Dumitrache,D-Burmakin,V/Cappelle la Grande FRA 2004/The Week
in Chess 486 (43)}) 11. cxd5 (11. Rc1 Nxc4 (11... Be7 {Gurevich,M} 12. c5 Nbd7
13. Qc2 e5 14. b4 a6 15. Be2 g5 16. g3 Nf8 17. Bf3 Ne6 18. Ne2 e4 19. Bg2 Nd7
$15 {0-1 Polak,T-Burmakin,V/Pardubice 2003/CBM 95 ext (48)}) 12. Bxc4 dxc4 13.
Qxc4 Qd7 14. Qe2 {1/2-1/2 Ioseliani,N-Smyslov,V/Munich 2000/CBM 78 (14).})
11... exd5 12. Bd3 Be7 (12... Bd6 13. O-O-O O-O-O 14. Kb1 Kb8 15. a4 Nc8 16. f3
Qb6 17. Qxb6 axb6 $2 (17... Nxb6 $11) 18. e4 {'+/=' Gurevich,M} dxe4 19. fxe4
Bb4 20. e5 Nd5 21. Nxd5 Bxd2 22. Rxd2 Rxd5 23. Bc4 Rd7 24. Rf1 $18 {1-0
Miltner,A-Walter,G/Gladenbach 1997/CBM 61 ext (33). (33)}) 13. O-O-O a5 {
'!?' Gurevich,M. Gurevich,M: '[/\14...a4<=><<]' Schwarz versucht sofort, eine
Initiative am Damenflügel zu entwickeln.} (13... O-O-O 14. Kb1 Kb8 15. Rc1 Rhe8
{ist eine solide, aber passivere Fortsetzung.}) 14. Kb1 a4 15. Qc2 Nc4 16. Bxc4
({Die Fortsetzung} 16. Bc1 b5 17. e4 {kommt ebenfalls in Betracht.}) (16. Nxa4
{Gurevich,M} Nxd2+ 17. Rxd2 Qa5 18. Nc3 Bb4 19. Qb3 Bxc3 20. bxc3 b5 $44) 16...
dxc4 17. Nxa4 $6 ({Die Fortsetzung} 17. a3 b5 18. Na2 {nebst e3-e4 würde von
ängstlichen Gemütern bevorzugt werden. Der Bauernraub mit nachfolgender
Überführung des Springers nach c1 kann sicher nicht zum Vorteil für Weiß
führen.}) 17... O-O {'!' Gurevich,M.} (17... b5 {Gurevich,M} 18. Nc5 Bxc5 19.
dxc5 Qa7 20. a3 Qxc5 21. Bb4 $36) 18. Nc3 (18. e4 {Gurevich,M} Nxe4 19. Qxe4
Rxa4 $132) (18. f3 {Gurevich,M} b5 19. Nc5 Bxc5 20. dxc5 Qa7 $36) 18... b5 19.
Ne2 Ra6 {'!?' Gurevich,M. Gurevich,M: '[/\20...Rfa8,21...Qa7;xa2,xKb1]'} (19...
Rxa2 $2 {Gurevich,M} 20. Kxa2 Ra8+ 21. Kb1 Qa7 22. Kc1 $18) 20. Nc1 Rfa8 21. e4
Qa7 $1 (21... b4 22. Qxc4 (22. f3 b3 23. Qxc4 bxa2+ 24. Ka1 Ra4 {ist ebenfalls
befriedigend für Schwarz.}) 22... Nxe4 23. Be3 Nf6 {führt zu einer etwa
ausgeglichenen Stellung.}) (21... c5 {Gurevich,M} 22. d5 Bd6 $5) 22. Be3 {
Andere Züge sind nicht besser:} (22. Bg5 Rxa2 23. Nxa2 Qxa2+ 24. Kc1 c3 $19 {
, und Schwarz gewinnt, denn} 25. Qxc3 (25. bxc3 Ba3+ 26. Kd2 Nxe4+ 27. Kd3
Nxf2+ 28. Kd2 Qd5 {, und Schwarz gewinnt.}) 25... Nxe4 {ist fatal für ihn.}) (
22. Bf4 Rxa2 23. Nxa2 Qxa2+ 24. Kc1 c3 25. Qxc3 Nxe4 {, und Schwarz gewinnt,
denn der Bauer auf f2 entbehrt der Deckung.}) 22... Rxa2 {'!' Gurevich,M.} 23.
Nxa2 Qxa2+ 24. Kc1 c3 $2 (24... Nxe4 {'!!' Gurevich,M. führt zum Gewinn:} 25.
Qxe4 c3 26. Kc2 {'[]' Gurevich,M.} Qc4 (26... Qxb2+ 27. Kd3 Ra2 28. Bd2 {
ist weniger klar.} Bf6 $17 {Gurevich,M}) 27. Rb1 (27. Qd3 Qa4+ 28. Kc1 (28. b3
{scheitert an} Qa2+ 29. Kxc3 b4+ {, weil nun dem König des Weißen ads Feld d3
versperrt ist.}) 28... Qb3 29. Qxc3 Ra1+ 30. Kd2 Bb4 31. Rxa1 Qxb2+ {, und
Schwarz gewinnt.}) 27... Qe2+ 28. Kb3 cxb2 29. Qc2 Ra3+ 30. Kxb2 Ra2+ 31. Kxa2
Qxc2+ 32. Rb2 Qa4+ 33. Kb1 Ba3 {mit Gewinnstellung für Schwarz.}) 25. bxc3 $2 (
25. Qxc3 {leistet Widerstand.} Ra4 (25... Nxe4 26. Qxc6 Ra4 (26... Nd6 {
Gurevich,M} 27. Kd2 Qxb2+ 28. Ke1 Ra2 29. Qf3 (29. Rd2 Qb1+ 30. Rd1 Qb3 $40)
29... Nf5 $36) 27. Qxe4 Qc4+ 28. Kb1 Qa2+ 29. Kc2 Qc4+ {kommt auf dasselbe
hinaus.}) 26. Qd3 {Jetzt droht der König des Weißen über d2 in Sicherheit zu
kommen.} Nxe4 (26... Bb4 27. Kc2) (26... Ba3 27. Kd2 Qxb2+ 28. Ke1 Bb4+ 29. Kf1
$16) 27. Qxe4 Qc4+ (27... Rc4+ {Gurevich,M} 28. Kd2 $18) 28. Kb1 Qa2+ {'='
Gurevich,M.} 29. Kc2 Qc4+ {führt zum Remis.}) 25... Qc4 (25... Nxe4 {gewinnt
auch mühelos.} 26. Qxa2 Rxa2 $19) 26. Qd3 Qxd3 0-1